000 00797nam a2200205 a 4500
001 000030024
005 20240409073642.0
008 110428t1937 dr ac 000 0dspa d
040 _aDO-SdBNP
_bspa
_cBNPHU
082 _aF-RD 37
100 1 _aHenríquez, Homero
_910292
245 1 0 _aRecorrido de los universitarios con el honorable presidente Trujillo /
_cHomero Henríquez.
260 _aCiudad Trujillo, República Dominicana :
_bListín Diario,
_c[1937?].
300 _a25 p. :
_bil., retr. ;
_c24 cm.
600 1 0 _aTrujillo Molina, Rafael Leónidas,
_d 1891-1961
_976764
650 4 _aActividad política estudiantil
_zRepública Dominicana
_xHistoria
_955207
650 4 _aUniversidades
_zRepública Dominicana
_xHistoria
_97145
910 _aValidado. Control de calidad EMS.
049 _aBNPD
999 _c29516
_d29516